Prueba de Retención Numérica Inmediata y Evocación de Procedimientos.

Salvato in:
Dettagli Bibliografici
Autore principale: Careaga Medina, Roberto (autor)
Natura: Sconosciuto
Lingua:inglese
Pubblicazione: España: Dwarf, 2014.
Edizione:Primera edición.
Soggetti:
Tags: Aggiungi Tag
Nessun Tag, puoi essere il primo ad aggiungerne!!

MARC

LEADER 00000 a2200000 4500
003 CL-VaPUC
005 20230606084947.0
008 230601t2017 ||||| |||| 00| 0 eng d
999 |c 440950  |d 440948 
020 |a 978-84-811758-182-1 
040 |c Pontificia Universidad Católica de Valparaíso 
082 |2 22  |a 372.7076 CAR 2017 
100 |a Careaga Medina, Roberto  |9 882492  |e autor 
245 |a Prueba de Retención Numérica Inmediata y Evocación de Procedimientos. 
250 |a Primera edición.  
260 |a España:   |b Dwarf,   |c 2014. 
300 |a 29 páginas.  |e Prueba de retención numérica inmediata y evocación de procedimientos (3 copias). 
583 |k GC  |c 20230601 
650 0 |9 882705  |a Evaluación de la matemática  |v Mediciones y pruebas educativas   |x Niños  |x 7 a 8 años  |x 3° y 4° básico  |x Enseñanza escolar  
650 0 |9 881633  |a Conocimiento matemático  |x Retención numérica   |x Niños  |x 7 a 8 años  |x 3° y 4° básico  |x Educación básica  
942 |2 ddc  |c BK 
952 |0 0  |1 0  |2 ddc  |4 0  |6 372_707600000000000_CAR_2017  |7 0  |8 R  |9 590236  |a BIBEDU  |b BIBEDU  |c MCIRC  |d 2023-05-26  |e 92  |g 48314.00  |i 5657585  |o 372.7076 CAR 2017  |p 5657585  |r 2023-05-26  |t 3  |v 48314.00  |w 2023-05-26  |y BK_R  |k EDI 
952 |0 0  |1 0  |2 ddc  |4 0  |6 372_707600000000000_CAR_2017  |7 0  |8 R  |9 590237  |a BIBEDU  |b BIBEDU  |c MCIRC  |d 2023-05-26  |e 92  |g 48314.00  |i 5657584  |o 372.7076 CAR 2017  |p 5657584  |r 2023-05-26  |t 2  |v 48314.00  |w 2023-05-26  |y BK_R  |k EDI 
952 |0 0  |1 0  |2 ddc  |4 0  |6 372_707600000000000_CAR_2017  |7 0  |8 R  |9 590238  |a BIBEDU  |b BIBEDU  |c MCIRC  |d 2023-05-26  |e 92  |g 48314.00  |i 5657583  |o 372.7076 CAR 2017  |p 5657583  |r 2023-05-26  |t 1  |v 48314.00  |w 2023-05-26  |y BK_R  |k EDI